| 000 | 00569nam a2200229Ia 4500 | ||
|---|---|---|---|
| 003 | OSt | ||
| 005 | 20220930190338.0 | ||
| 006 | a|||||r|||| 00| 0 | ||
| 007 | ta | ||
| 008 | 220926b |||||||| |||| 00| 0 eng d | ||
| 024 | _a56265 | ||
| 037 | _cGeneral Books | ||
| 040 |
_aCRL _cCRL _beng |
||
| 041 |
_2eng _aeng |
||
| 082 | _aSaN5, J7 | ||
| 100 |
_aZorab George Co. _9558812 |
||
| 245 | 0 | _aBibliography of parapsychology | |
| 260 | _c1957 | ||
| 650 | _aPSYCHOLOGY | ||
| 942 |
_hSaN5, J7 _cGB _2CC |
||
| 999 |
_c892131 _d892131 |
||